000 00551nam a2200229Ia 4500
003 OSt
005 20221005124115.0
006 a|||||r|||| 00| 0
007 ta
008 221004b |||||||| |||| 00| 0 tam d
024 _a50330
037 _cTextual
040 _aCRL
_cCRL
_btam
041 _2tam
_atam
082 _aO31,3NDU,1, J8
100 _aDuran Au.
_9624817
245 0 _aMavillakku
260 _c1958
650 _aTAMIL FICTION
942 _hO31,3NDU,1, J8
_cTEXL
_2cc
999 _c1049485
_d1049485